| 000 | 00551nam a2200169 i 4500 | ||
|---|---|---|---|
| 001 | 141712 | ||
| 003 | ES-MaACL | ||
| 005 | 20230906200342.0 | ||
| 007 | t| | ||
| 008 | 070927s1913 sp ||||1| spa d | ||
| 100 | 1 |
_aVuillermet, F. A. _9115775 |
|
| 245 | 1 | 1 |
_a¡Sed hombres! ¡Reconquistad la virilidad perdida! / _cpor F. A. Vuillermet ; versión española de Francisco de P. Salcedo. |
| 260 |
_aMadrid : _b[s.n., _c1913] ( _fF. Moliere) |
||
| 300 |
_a211 p. ; _c19 cm. |
||
| 700 | 1 |
_aSalcedo, Francisco de P. _9101840 |
|
| 852 |
_aES-MaACL _jF-1676 |
||
| 999 |
_c141712 _d141712 |
||